000 01067nas a2200361 4500
001 BR2016004742
003 BR-BrBNA
005 20231205130718.0
007 ta
008 230509b bl.|||p| |||| 00| 00por d
040 _aBR-BrBNA
_bpor
_cBiblioteca Nacional de Agricultura
041 _a(En)
072 _aL02; Q04
100 1 _aChang, S.
100 1 _aLin, M.
100 1 _aChao, Y.
100 1 _aChiang, C.
100 1 _aJea, Y.
100 1 _aLee, T.
245 1 _aEffects of spent mushroom compost meal on growth performance and meat characteristics of grower geese
650 _aGANSO
650 _aDIETA
650 _aFARELO
650 _aCOGUMELO
650 _aCRESCIMENTO
650 _aCARNE
650 _aANTIOXIDANTE
650 _aANÁLISE ORGANOLÉPTICA
773 0 _tRevista Brasileira de Zootecnia (Brazil)
_xISSN 1806-9290
_g(Jun 2016), v. 45(6) p. 281-287
_wBR2016004742
856 4 0 _uhttp://www.scielo.br/pdf/rbz/v45n6/1516-3598-rbz-45-06-00281.pdf
909 _a202311
_bLúcia
_c55
_dLúcia Elande
942 _2AGRIS
_n0
_cANA
999 _c250811
_d250811